00381cam a22001337a 4500008004000000020001500040082001500055100002100070245007200091260002600163300001000189650001500199650003300214180718b1995 xxu||||| |||| 00| 0 eng d a8121204895 aF5x54 Sa19 aSahai, Shashi B. aPolitics of corruption: the goddess that failedcby Shashi B. Sahai aNew DelhibGyanc1995 a228p. aCorruption aPolitical corruption - India